| 000 | 00471nam a2200157Ia 4500 | ||
|---|---|---|---|
| 003 | SGT | ||
| 020 | _a9788183989305 | ||
| 082 |
_a530 _bPRA |
||
| 100 | _aPrakash,Satya | ||
| 245 | _aEngineering physics | ||
| 260 |
_bPragati Prakashan _aN.Delhi _c2010 |
||
| 300 | _a352p. | ||
| 650 | _aENGINEERING PHYSICS | ||
| 653 | _aINTERFERENCE OF LIGHT,DIFFRACTION OF LIGHT,POLARISATION OF LIGHT,LASERS,FIBRE OPTICS, DIELECTRICS,SPECIAL THEORY OF RELATIVITY | ||
| 942 |
_2ddc _cBK _086 |
||
| 999 |
_c4944 _d4944 |
||